| 000 | 00321nam a22001217a 4500 | ||
|---|---|---|---|
| 999 |
_c17286 _d17286 |
||
| 003 | Nust | ||
| 005 | 20170315163721.0 | ||
| 008 | 150812t xxu||||| |||| 00| 0 eng d | ||
| 020 | _a0-521-70404-9 | ||
| 040 | _cASAB | ||
| 082 | _a572.43 | ||
| 100 |
_aDonald T. Haynie _91016 |
||
| 245 |
_aBiological Thermodynamics _cby Donald T. Haynie |
||
| 260 |
_achennai, india _bchennai micro print ltd _c2001 |
||
| 300 | _a379 p | ||
| 942 |
_2ddc _cBK |
||